<?xml version="1.0" encoding="UTF-8"?>
<marc:record xmlns:marc="http://www.loc.gov/MARC21/slim">
   <marc:leader>00000nam a2200000 a 4500</marc:leader>
   <marc:datafield ind1="1" ind2=" " tag="100">
      <marc:subfield code="a">Parameswaran, Rajesh</marc:subfield>
      <marc:subfield code="4">aut</marc:subfield>
      <marc:subfield code="e">Verfasser/-in</marc:subfield>
   </marc:datafield>
   <marc:datafield ind1="1" ind2=" " tag="100">
      <marc:subfield code="a">Jacobs, Stefanie</marc:subfield>
      <marc:subfield code="4">ctb</marc:subfield>
      <marc:subfield code="e">Mitwirkende/-r</marc:subfield>
   </marc:datafield>
   <marc:datafield ind1=" " ind2=" " tag="653">
      <marc:subfield code="a">Softcover / Belletristik/Erzählende Literatur</marc:subfield>
   </marc:datafield>
   <marc:datafield ind1=" " ind2=" " tag="653">
      <marc:subfield code="a">Erzählende Literatur: Anthologien</marc:subfield>
   </marc:datafield>
   <marc:datafield ind1="0" ind2="0" tag="245">
      <marc:subfield code="a">Ich bin Henker</marc:subfield>
   </marc:datafield>
   <marc:datafield ind1="0" ind2="0" tag="245">
      <marc:subfield code="b">Liebesgeschichten</marc:subfield>
   </marc:datafield>
   <marc:datafield ind1="0" ind2="0" tag="245">
      <marc:subfield code="c">Rajesh Parameswaran. Aus dem amerikan. Engl. von Stefanie Jacobs</marc:subfield>
   </marc:datafield>
   <marc:datafield ind1=" " ind2="1" tag="264">
      <marc:subfield code="a">Köln</marc:subfield>
      <marc:subfield code="b">Kiepenheuer &amp; Witsch</marc:subfield>
      <marc:subfield code="c">2013</marc:subfield>
   </marc:datafield>
   <marc:datafield ind1=" " ind2=" " tag="250">
      <marc:subfield code="a">1. Aufl.</marc:subfield>
   </marc:datafield>
   <marc:datafield ind1="1" ind2=" " tag="520">
      <marc:subfield code="a">Angaben aus der Verlagsmeldung

Ich bin Henker : Liebesgeschichten I am an Executioner: Love Stories / von Rajesh Parameswaran

Die gewagtesten, originellsten Liebesgeschichten, die Sie je gelesen haben!
Ein liebeskranker Tiger, ein gescheiterter Arbeitsloser, der sich als Arzt ausgibt, ein indischer Bahnhofsvorsteher mit hochfliegenden Plänen, ein frisch verheirateter Henker, eine Elefantin, die ihre Autobiographie schreibt, oder ein alternder indischer Filmemacher, der versucht, seinem erfolgreichen Kollegen die Frau auszuspannen - die Helden und Anti-Helden in diesen Liebesgeschichten sind so ungewöhnlich wie anrührend.
Neun Geschichten über die Macht der Liebe und die Liebe zur Macht. In diesem erstaunlichen literarischen Debüt nähert sich der in Indien geborene und in den USA aufgewachsene Rajesh Parameswaran dem Thema Liebe aus den ungewöhnlichsten Perspektiven. Höchst unterhaltsam und im besten Sinne erschütternd, verlässt er mit seinen Erzählungen den Boden des Konventionellen, um uns in seinen glänzenden, mit Humor und großer Ernsthaftigkeit erzählten Geschichten die Abgründe und Wunder der Liebe neu betrachten zu lassen.
Hochoriginelle, witzige und heftige Liebesgeschichten, ein eindrucksvolles, von der Kritik gefeiertes Debüt eines Schriftstellers, von dem wir noch viel hören werden.
</marc:subfield>
   </marc:datafield>
   <marc:datafield ind1=" " ind2=" " tag="020">
      <marc:subfield code="a">9783462045215</marc:subfield>
      <marc:subfield code="9">9783462045215</marc:subfield>
   </marc:datafield>
   <marc:datafield ind1=" " ind2=" " tag="020">
      <marc:subfield code="a">3462045210</marc:subfield>
      <marc:subfield code="9">3462045210</marc:subfield>
   </marc:datafield>
   <marc:datafield ind1=" " ind2=" " tag="041">
      <marc:subfield code="a">ger</marc:subfield>
   </marc:datafield>
   <marc:datafield ind1=" " ind2=" " tag="300">
      <marc:subfield code="a">285 S.</marc:subfield>
   </marc:datafield>
</marc:record>
